Logo BPK

Biblioteka

Politechniki Koszalińskiej

XIX Ogólnopolska Konferencja Inżynierii Chemicznej i Procesowej : (Rekord nr 54390)

Szczegóły MARC
000 -ETYKIETA REKORDU
podpole kontrolne o stałej długości 01329nam a2200289 i 4500
001 - NUMER KONTROLNY REKORDU
pole kontrolne bg
020 ## - MIĘDZYNARODOWY ZNORMALIZOWANY NUMER KSIĄŻKI - ISBN
ISBN 9788371994517
040 ## - ŹRÓDŁO KATALOGOWANIA
Instytucja, która utworzyła rekord BPK
041 0# - KOD JĘZYKA
Kod języka tekstu pol
-- eng
Kod języka streszczenia lub abstraktu eng
044 ## - KOD KRAJU WYDAWCY/PRODUCENTA
Kod kraju wydawcy/producenta POL
080 ## - UNIWERSALNA KLASYFIKACJA DZIESIĘTNA - UKD
UKD 66.01/.09(06)
920 ## - Międzynarodowy znormalizowany numer książki – ISBN
ISBN 978-83-7199-451-7
008 - POLE O STAŁEJ DŁUGOŚCI - DANE KONTROLNE
podpole kontrolne o stałej długości s pl f |000 0 pol
111 2# - NAZWA IMPREZY
Nazwa imprezy Ogólnopolska Konferencja Inżynierii Chemicznej i Procesowej
Oznaczenie części/sekcji/imprezy (19 ;
Data imprezy 2007 ;
Miejsce imprezy Rzeszów).
245 10 - TYTUŁ/ODPOWIEDZIALNOŚĆ
Tytuł XIX Ogólnopolska Konferencja Inżynierii Chemicznej i Procesowej :
Ciąg dalszy tytułu materiały konferencyjne.
Oznaczenie części/sekcji dzieła T. 1,
Tytuł części/sekcji dzieła Inżynieria chemiczna - procesy i aparaty /
Pozostałe elementy strefy tytułu i oznaczenia odpowiedzialności pod red. nauk. Romana Petrusa, Jacka Jeżowskiego, Krzysztofa Kaczmarskiego ; [Polska Akademia Nauk. Komitet Inżynierii Chemicznej i Procesowej, Katedra Inżynierii Chemicznej i Procesowej Politechniki Rzeszowskiej im. Ignacego Łuaksiewicza].
260 ## - STREFA ADRESU WYDAWNICZEGO
Miejsce wydania Rzeszów :
Nazwa wydawcy/dystrybutora Oficyna Wydawnicza Politechniki Rzeszowskiej ;
Data publikacji, dystrybucji/powstania dokumentu 2007.
300 ## - STREFA OPISU FIZYCZNEGO
Objętość 535, [1] s. :
Inne cechy fizyczne il. ;
Rozmiary 24 cm.
504 ## - UWAGA DOTYCZĄCA BIBLIOGRAFII
Informacje o bibliografii Bibliogr. przy ref. Indeks
546 ## - UWAGA O JĘZYKU
Uwaga o języku Tekst częśc. ang. Streszcz. ang. przy ref.
650 #9 - HASŁO PRZEDMIOTOWE W FORMIE NAZWY OGÓLNEJ LUB JEDNOSTKOWEJ
Nazwa ogólna lub geograficzna Technologia chemiczna
655 ## - TERMIN INDEKSOWY - OKREŚLENIE RODZAJU/FORMY DOKUMENTU
Określenie rodzaju/formy dokumentu Materiały konferencyjne
700 1# - HASŁO DODATKOWE - NAZWA OSOBOWA
Nazwa osobowa Petrus, Roman.
Określenie związku między hasłem a opisywanym materiałem Red.
700 1# - HASŁO DODATKOWE - NAZWA OSOBOWA
Nazwa osobowa Jeżowski, Jacek.
Określenie związku między hasłem a opisywanym materiałem Red.
700 1# - HASŁO DODATKOWE - NAZWA OSOBOWA
Nazwa osobowa Kaczmarski, Krzysztof.
Określenie związku między hasłem a opisywanym materiałem Red.
856 ## - LOKALIZACJA I DOSTĘP DO ELEKTRONICZNYCH DOKUMENTÓW ZDALNYCH
Link (URL) http://koha.tu.koszalin.pl/cgi-bin/koha/opac-detail.pl?biblionumber=54390
Tekst linku Katalog online BPK
942 ## - DODATKOWE ELEMENTY (KOHA)
Typ dokumentu Książka
Egzemplarze
Wycofany Status egzemplarza Uszkodzony Dostępność Lokalizacja stała Lokalizacja bieżąca Miejsce przechowywania Sygnatura Kod kreskowy Dział Typ dokumentu
      Tylko na miejscu Biblioteka Politechniki Koszalińskiej Biblioteka Politechniki Koszalińskiej Czytelnia BG 85662 02408538 66.01/.09 Inżynieria chemiczna Książka
© 2023 Biblioteka Politechniki Koszalińskiej :: KOHA